000 01205cam a22001814a 4500
005 20250605163348.0
008 250528s ||||||||||||||||||||||||d
035 _a17616
020 _a9789606883170
040 _aGR-AtMCL
_bgre
_dGR-AtMCL
_eAACR2
245 1 _aDigiPedia35+.
_nΤόμος 6 Διασκέδαση και Games Online Games, Interactive Games, Πρωτάθλημα στο Web.
260 _bΤέσσερα Πι
300 _a98
520 _aΈνα πρωτοποριακό εκπαιδευτικό σύστημα αποκλειστικά για άντρες και γυναίκες άνω των 35 ετών, που θέλουν να μάθουν τους υπολογιστές και το Internet. Εισαγωγή, Τα Παιχνίδια των VISTA, Απλά Παιχνίδια στο Δίκτυο, Αστεία Βίντεο στο YOUTUBE, Η Εγκατάσταση ενός Παιχνιδιού, Προσθέτοντας Χειριστείρια, Οι Μεγάλες Πύλες της Διασκέδασης, Κλασσικά Παιχνίδια, Δικτυακά Στοιχήματα, Ανέκδοτα και Αστεία.
942 _cBK
999 _c3019
_d3019